[Event "CHI-ch"]
[Site "Santiago"]
[Date "2024.02.25"]
[Round "10"]
[White "Avalos Parra, Joao"]
[Black "Miranda Camus, Gonzalo Alonso"]
[Result "1/2-1/2"]
[WhiteElo "2178"]
[BlackElo "1848"]
[PlyCount "63"]
[EventDate "2024.02.19"]
[EventType "swiss"]
[EventRounds "11"]
[EventCountry "CHI"]
[SourceTitle "CB09_2024"]
[SourceDate "2024.02.28"]
[SourceVersion "1"]
[SourceVersionDate "2024.02.28"]
[SourceQuality "1"]

1. d4 Nf6 2. Nf3 e6 3. c4 d5 4. g3 Bb4+ 5. Bd2 Be7 6. Bg2 dxc4 7. Na3 Bxa3 8. Qa4+ b5 9. Qxa3 Bb7 10. Qc5 a6 11. Ba5 Nbd7 12. Qa3 Qe7 13. Qxe7+ Kxe7 14. Bxc7 a5 15. Bf4 h6 16. 0-0 Rhc8 17. Rfc1 Nd5 18. Ne5 Nxe5 19. Bxe5 g5 20. Bxd5 Bxd5 21. g4 f6 22. Bg3 b4 23. f3 f5 24. gxf5 exf5 25. Be1 f4 26. a3 b3 27. Kf2 Kf6 28. Bd2 Kg6 29. Rg1 Rf8 30. Rg2 h5 31. Rgg1 Kf5 32. h3 1/2-1/2